Statistics for Christian Denominations

Click here to take the quiz!

General Stats

  • This quiz has been taken 278 times
  • The average score is 10 of 17

Answer Stats

HintImportant RegionsAnswer% Correct
Has the Pope as head of the churchItaly, Spain, Ireland and many moreCatholic
98%
Named after monk, who nailed 95 theses on a church in WittenbergGermany, ScandinaviaLutheran
91%
Dominant denomination of the Byzantine EmpireBalkan, RussiaOrthodox
91%
Founded by Joseph SmithUtahMormons
87%
Founded by King Henry VIII of EnglandUK, British CommenwealthAnglican
80%
Founded by John WesleyUSAMethodism
63%
Miaphysitic Church by the Patriachy of AlexandriaEthiopia, Eritrea, Egypt, SudanCoptic
62%
Believing in the Messianic Character of Haile SelassieJamaicaRastafarianism
59%
Scottish version of the above, named after the representative assemblies of eldersScotland, England, USAPresbyterianism
56%
Believe in the imminent second coming of Christ, worship on SaturdayUSASeventh-Day Adventist
55%
Charismatic Movement named after the holiday celebrated 7 weeks after EasternUSA, Southern Africa, Latin AmericaPentecostalism
45%
Founded by Calvin and ZwingliSwitzerland, NetherlandsReformed
45%
Anabaptistic church closely related to the Amish peopleUSA, Canada, Eastern Europe originally Germany and NetherlandsMennonites
39%
Extinct Denomination of the Goths and Vandals believing Jesus is a subordinate to the God/FatherExtinct, was prominent in large parts of the Western Roman EmpireArianism
34%
Early protestant denomination in Bohemia, caused a war (1419–1434)Czech RepublicHussites
34%
Seperated from the above and resisting lithurical Reforms of 1666/67Rural RussiaOld Believers
17%
Founded in the 12. Century by Peter WaldoPiedmontWaldensians
13%

Score Distribution

Percentile by Number Answered

Percent of People with Each Score

Your Score History

You have not taken this quiz